Raavan - Enemy of Aryavarta (Record no. 96740)

MARC details
000 -LEADER
fixed length control field 00524nam a2200217Ia 4500
005 - DATE AND TIME OF LATEST TRANSACTION
control field 20240927162351.0
008 - FIXED-LENGTH DATA ELEMENTS--GENERAL INFORMATION
fixed length control field 230125s9999 xx 000 0 und d
020 ## - INTERNATIONAL STANDARD BOOK NUMBER
International Standard Book Number 9789388754088
041 ## - LANGUAGE CODE
Language code of text/sound track or separate title eng
082 ## - DEWEY DECIMAL CLASSIFICATION NUMBER
Classification number 823
Item number AMI
100 ## - MAIN ENTRY--PERSONAL NAME
Author AMISH T
245 ## - TITLE STATEMENT
Title Raavan - Enemy of Aryavarta
250 ## - EDITION STATEMENT
Edition statement 1st Ed.
260 ## - PUBLICATION, DISTRIBUTION, ETC.
Date of publication, distribution, etc. 2019
Name of publisher, distributor, etc. Westland Publications
Place of publication, distribution, etc. Chennai
300 ## - PHYSICAL DESCRIPTION
Extent 400p
500 ## - GENERAL NOTE
Keywords English Literature
650 ## - SUBJECT ADDED ENTRY--TOPICAL TERM
Topical term or geographic name entry element English Literature
700 ## - ADDED ENTRY--PERSONAL NAME
Personal name Tripathi A
942 ## - ADDED ENTRY ELEMENTS (KOHA)
Koha item type Books
906 ## - LOCAL DATA ELEMENT F, LDF (RLIN)
b 99.75
Holdings
Withdrawn status Lost status Source of classification or shelving scheme Damaged status Not for loan Home library Current library Date acquired Vendor Net Price Bill number Total Checkouts Full call number Barcode Date due Date last seen Date last checked out Actual Price Bill Date Koha item type Original Barcode
    Dewey Decimal Classification     Smt. Hiraben Nanavati Institute of Management & Research for Women Smt. Hiraben Nanavati Institute of Management & Research for Women 13/03/2021 Forward Books 399.00 11380 1 823 AMI B21608 HIMR-BK-21608 08/04/2026 01/04/2026 01/04/2026 299.25 12/03/2021 Books B21608